000 00730nam a2200193Ia 4500
005 20250808123359.0
008 008 250516s9999 xx 000 0 hin d
020 _a9789386081209
040 _beng
_cSDCL
041 _ahin
_2hin
084 _aQ14:g(F) R1
100 _aAgarwal, Shiv Prakash
245 0 _aAtherv Ved ke dwitiye kand ke chayanit sukto mein vidyut vigyan evam takneeki
246 _aअथर्वेवेद के द्वितीये काण्ड के चयनित सुकतो में विद्युत् विज्ञानं एवं तकनीकी
260 _aDelhi:
_bAastha Prakashan,
_c2021.
300 _a139p.
650 _aSanskrit
942 _cTEXL
_2CC
999 _c1429130
_d1429130